Competition in oil ; the gulf coast refinery market, 1925-1950.

Bibliographic Details
Main Author: Hamilton, Daniel C.
Format: Book
Language:English
Published: Cambridge : Harvard University Press, 1958.
Subjects:

MARC

Tag First Indicator Second Indicator Subfields
LEADER 00000cam a2200000 4500
001 in00000057867
005 20151008050942.0
008 720204s1958 mau b 00000 eng u
010 |a  58007249  
035 |a (OCoLC)00234291 
035 |9 AAG4520AM 
040 |c WSU  |d TXA  |d UtOrBLW 
049 |a TXAM  |c [306156] 
050 0 0 |a HD9565  |b .H3 1958 
092 |a 338.476655  |b H217c 
100 1 |a Hamilton, Daniel C. 
245 1 0 |a Competition in oil ;  |b the gulf coast refinery market, 1925-1950. 
264 1 |a Cambridge :  |b Harvard University Press,  |c 1958. 
300 |a 233 pages 
336 |a text  |b txt  |2 rdacontent 
337 |a unmediated  |b n  |2 rdamedia 
338 |a volume  |b nc  |2 rdacarrier 
504 |a Bibliography: pages 221-230. 
650 0 |a Petroleum industry and trade  |z United States. 
650 0 |a Marketing  |v Case studies. 
740 4 |a The gulf coast refinery market 1925-1950. 
999 |a MARS 
999 f f |s 36e3d644-57ca-32ef-a914-0badd5d3ccca  |i 8c5c0875-3e21-36ca-afe0-61d9b570af4e  |t 0 
952 f f |p ric  |a Texas A&M University  |b Rellis Campus  |c Joint Library Facility  |d Remote Storage  |t 0  |e HD9565 .H3 1958  |h Library of Congress classification  |i unmediated -- volume  |m A14800765869 
998 f f |a HD9565 .H3 1958  |t 0  |l Remote Storage